[Event "Mecklenburg VP LL2 Ost 0102"]
[Site "Mecklenburg VP"]
[Date "2002.04.14"]
[Round "8.8"]
[White "Schulz, Karl Heinz"]
[Black "Mertin, Jan"]
[Result "1/2-1/2"]
[WhiteElo "1558"]
[BlackElo "1370"]
[PlyCount "35"]
[EventDate "2001.10.07"]
[EventType "team-tourn"]
[EventRounds "9"]
[EventCountry "GER"]
[SourceTitle "EXT 2003"]
[Source "ChessBase"]
[SourceDate "2002.11.25"]
[SourceVersion "1"]
[SourceVersionDate "2002.11.25"]
[SourceQuality "1"]
[WhiteTeam "Neubrandenburg SG Eintracht II"]
[BlackTeam "Greifswald"]
[WhiteTeamCountry "GER"]
[BlackTeamCountry "GER"]

1. e4 e6 2. d4 d5 3. e5 c5 4. Nf3 Nc6 5. c3 cxd4 6. cxd4 Qb6 7. Nc3 Bd7 8. Be2 Nge7 9. 0-0 Nf5 10. Na4 Qc7 11. Bf4 Be7 12. Rc1 0-0 13. Nc5 Rac8 14. Nxd7 Qxd7 15. Bb5 a6 16. Bxc6 Rxc6 17. Qd2 Rfc8 18. g4 1/2-1/2